00842nam a2200241 a 450000100060000000300080000600500170001400800410003103500190007204000270009104100080011808200280012610000290015424501070018326000360029030000340032650000200036065000270038070000370040794200120044499900170045695201270047358007BD-RjUL20211209080558.0161212s1964 nyua 001 0 eng  a(BD-RjUL)58131 aDLCcDLCdBD-RjULbeng aeng00a301.24082223bSOC 19641 aEtzioni, Amitai,917227310aSocial change : bsources, patterns, and consequences /cEdited by the Amitai Etzioni and Eva Etzioni. aNew York :bBasic Books,cc1964 axii, 503 p. :bill. ;c25 cm. aIncludes index. 0aSocial change.91702871 aEtzioni, Eva,ejoint ed.9172274 2ddccBK c58007d58007 00102ddc40708NFICaRUCLbRUCLcStackd1992-11-14eN/Al0o301.24082 SOC 1964r2016-12-12 00:00:00tC-2w2016-12-12yBK